000 00614nam a2200181Ia 4500
003 PILC
005 20160321103851.0
008 140529s9999 xx 000 0 und d
020 _a9789810696603
050 _aG 155.A1
_b.K33 2012
100 _aKastarlak, Bulent I.
245 _aFundamentals of planning and developing tourism /
_cBulent I. Kastarlak and Brian Barber, technical editor.
260 _aUpper Saddle River, NJ :
_bPrentice Hall,
_c2011.
300 _a457 pages ;
_c24 cm.
500 _aIncludes appendices, bibliographical references and index.
942 _kFOR
_cBK
_2lcc
999 _c117817
_d117817